Grasping Basic English Grammar

Bibliographic Details
Main Author: Nandy, Milon
Format: Book
Published: Selangor : Pelanduk Publications(M) Sdn Bhd , 2002
Subjects:

MARC

LEADER 00000cam a2200000 7i4500
001 0000048221
005 20180815.0
008 150610
020 |a 9679788024 
020 |a 9789679788020 
090 0 0 |a 425   |b NAN 
090 0 0 |a EDU   |b ENG 
100 1 |a Nandy, Milon 
245 1 0 |a Grasping Basic English Grammar   |c Milon Nandy 
260 |a Selangor :   |b Pelanduk Publications(M) Sdn Bhd ,   |c 2002 
650 0 |a English language   |x Grammar 
999 |a 0000880665   |b Book   |c Children Collection   |e Cawangan Taman Universiti 
999 |a 0000880667   |b Book   |c Adult Collection   |e Cawangan Mersing 
999 |a 0000880671   |b Book   |c Adult Collection   |e Cawangan Segamat 
999 |a 0000880672   |b Book   |c Adult Collection   |e Cawangan Tmn. Ungku Tun Aminah